| 000 | 01508nam a2200241Ia 4500 | ||
|---|---|---|---|
| 999 |
_c43902 _d43902 |
||
| 001 | 10651 | ||
| 003 | GE_BSU | ||
| 005 | 20230118110438.0 | ||
| 008 | 181216s2010ge xx |||||||||||||| ||geo|| | ||
| 020 | _a9789941912313 | ||
| 040 | _cGE_BSU | ||
| 041 | _ageo | ||
| 080 | _a94(479.22)(075.8) შ–48 | ||
| 100 |
_aშენგელია, კახა _916726 |
||
| 245 |
_aსაქართველოს ისტორია: _bუძველესი დროიდან თანამედროვეობის ჩათვლით :კონსპექტური სალექციო კურსი / _cკახა შენგელია, რედ. ვალერი სილოგავა. |
||
| 250 | _aმე–4 განახლებული და შევსებული გამ–ბა. | ||
| 264 |
_aთბილისი : _bკავკასიის უნ–ტის გამ–ბა, _c2010. |
||
| 300 |
_a347 გვ.: _b+46 ჩართ. ფ. _c25 სმ. _eილ.გენეალ.ტაბულები:გვ.303–306. ძირითადი თარ.307–342. |
||
| 653 | _aსაქართველოს ისტორია:უძველესი დროიდან თანამედროვეობის ჩათვლით | ||
| 653 | _aსაქართველოს ისტორია | ||
| 700 |
_aსილოგავა, ვალერი _eრედაქტორი _91878 |
||
| 942 |
_cBK _2udc |
||